Max Scheler: principios de una ética personalista / Manuel A. Suances Marcos

Guardat en:
Dades bibliogràfiques
Autor principal: Suances Marcos, Manuel A.
Format: Llibre
Idioma:Undetermined
Publicat: Barcelona, España Herder 1986
Edició:2
Matèries:
Etiquetes: Afegir etiqueta
Sense etiquetes, Sigues el primer a etiquetar aquest registre!

MARC

LEADER 00000nam a2200000Ia 4500
008 170316s9999 xx 000 0 und d
090 |a 100 S-73m 
100 |a Suances Marcos, Manuel A. 
245 |a Max Scheler: principios de una ética personalista / Manuel A. Suances Marcos 
250 |a 2 
260 |a Barcelona, España 
260 |b Herder 
260 |c 1986 
300 |a 184 páginas 
650 |a FILOSOFÍA 
650 |a ÉTICA 
650 |a PERSONA 
999 |c 17723  |d 17723 
040 |a cru BVZT 
942 |c 15 D  |h 100 S-73m  |2 z